Graphics programming in C: A comprehensive resource for every C programmer (Record no. 162801)

MARC details
000 -LEADER
fixed length control field 00392nam a2200145Ia 4500
008 - FIXED-LENGTH DATA ELEMENTS--GENERAL INFORMATION
fixed length control field 231217s9999 xx 000 0 und d
041 ## - LANGUAGE CODE
Language code of text/sound track or separate title English
082 ## - DEWEY DECIMAL CLASSIFICATION NUMBER
Classification number 006.6 STE;1
100 ## - MAIN ENTRY--PERSONAL NAME
Personal name Stevens, Roger T
245 #0 - TITLE STATEMENT
Title Graphics programming in C: A comprehensive resource for every C programmer
260 ## - PUBLICATION, DISTRIBUTION, ETC.
Date of publication, distribution, etc. 1993
Name of publisher, distributor, etc. New Delhi : BPB,
300 ## - PHYSICAL DESCRIPTION
Extent 638
650 ## - SUBJECT ADDED ENTRY--TOPICAL TERM
Topical term or geographic name entry element C Graphics
942 ## - ADDED ENTRY ELEMENTS (KOHA)
Koha item type Books
Holdings
Date last seen Total checkouts Full call number Accession number Cost, total (INR) price Price effective from Category Lost status Damaged status Department Withdrawn status Home library Current library Entry date Vendor Cost, normal purchase price Grants Billnumber Billdate Currency symbol Conversion rate Discount Old discount Public note Shelving location
26/01/2024   006.6 STE;1 5700 204.00 26/01/2024 Books     Central Library   Central Library Central Library 10/04/1993 Com.Bk.Cen 240.00 CS 6266 20/10/1995 RS 1 36 15    
26/01/2024   006.6 STE 5701 204.00 26/01/2024 Books     Central Library   Central Library Central Library 10/04/1993   240.00 CS 6266 20/10/1995 RS 1 36 15    
26/01/2024   001.6424C STE 8875 255.00 26/01/2024 Books     Central Library   Central Library Central Library 18/04/1996   300.00 SC-ST 266 22/06/1999 RS 1 45 15 SC ST (337) SC-ST
26/01/2024   006.6424 STE;3 8952 204.00 26/01/2024 Books     Central Library   Central Library Central Library 24/06/2024   240.00 SC-ST   20/07/1999 RS 1 36 15 SC ST (286) SC-ST

© For any Suggestions or Query, please contact the library staff @ librarian@pes.edu or Phone: +9180 2672 1983/ 2108.